Bước mở đầu của sự thiết lập hệ thống thuộc địa Pháp ở Việt Nam ( 1858 - 1897 )

Spremljeno u:
Bibliografski detalji
Glavni autor: Nguyễn Xuân Thọ
Format: Knjiga
Jezik:Undetermined
Izdano: 1995
Teme:
Oznake: Dodaj oznaku
Bez oznaka, Budi prvi tko označuje ovaj zapis!
Thư viện lưu trữ: Trung tâm Học liệu Trường Đại học Cần Thơ
LEADER 00574nam a2200157Ia 4500
001 CTU_43750
008 210402s9999 xx 000 0 und d
082 |a 959.703 
082 |b Th400 
100 |a Nguyễn Xuân Thọ 
245 0 |a Bước mở đầu của sự thiết lập hệ thống thuộc địa Pháp ở Việt Nam ( 1858 - 1897 ) 
245 0 |c Nguyễn Xuân Thọ 
260 |c 1995 
650 |a french - colonies,vietnam - history - 1858-1897 
904 |i Minh, 011008 
980 |a Trung tâm Học liệu Trường Đại học Cần Thơ